000 00708nam a2200181Ia 4500
008 090123s9999 xx 000 0 und d
082 _b26349
100 _aधर्माधिकारी चंद्रशेखर शंकर
245 _aमंजिल दुरच राहिली
250 _a1
260 _bमंजुल प्रकाशन
300 _a159
600 _aधर्माधिकारी चंद्रशेखर शंकर
630 _aमंजिल दुरच राहिली
700 _aधर्माधिकारी चंद्रशेखर शंकर
730 _aमंजिल दुरच राहिली
942 _cBOOK
999 _c64418
_d64418